Mesoamerican Studies : Number 9 : Some Hypotheses Regarding the Petroglyphs of West Mexico /

Guardado en:
Detalles Bibliográficos
Autor principal: Mountjoy, Joseph B. (autor)
Formato: Libro
Idioma:Inglés
Publicado: Carbondale, EUA : Southern Illinois University, 1974, c1974
Etiquetas: Agrega una etiqueta
Sin etiquetas, Sé el primero en etiquetar este registro!

MARC

LEADER 00000nam^a2200000^a^4500
001 000559952
005 20250526000000.0
009 20260310131853.098
037 |a Acervo ITESO - Biblioteca 
041 |a ING 
091 |a FHA. 02664 
100 |a Mountjoy, Joseph B.  |e (autor) 
245 1 0 |a Mesoamerican Studies :  |b Number 9 : Some Hypotheses Regarding the Petroglyphs of West Mexico / 
264 4 |a Carbondale, EUA :  |b Southern Illinois University,  |c 1974, c1974 
300 |a V, 36 p. ;  |c 27.5 cm. 
336 |a texto  |b txt  |2 rdacontenido 
337 |a sin mediación  |b n  |2 rdamedio 
338 |a volumen  |b nc  |2 rdasoporte 
515 |a Inventario familia Hartung: 3708 
649 |a XX 
910 |a Fondo Horst Hartung Franz 
920 |a Impresos - Libros 
930 |a Libros Antiguos y Raros 
905 |a 135 
901 |a 0500330812  |b IT2  |c LRA  |i D  |u 20250526 
902 |a https://opac.biblio.iteso.mx/vufind/Record/000559952